| 000 | 00576nam a2200181 a 4500 | ||
|---|---|---|---|
| 005 | 20210223124936.0 | ||
| 008 | 030514s1994 es r 000 0 spa d | ||
| 020 | _a842610889X | ||
| 035 | _aUPN01000124200 | ||
| 049 | _aCG | ||
| 050 | 4 |
_aMT95 _bB3.6 |
|
| 100 | 1 | _aBarquet, Nicolás | |
| 245 | 1 | 0 |
_aOperas famosas : _bcronología, argumentos y repartos / _cNicolás Barquet ; pról. Eugenio D'Ors ; epílogo César González Ruano. |
| 260 |
_aBarcelona, Esp. : _bJuventud, _c1994. |
||
| 300 | _a320 p. | ||
| 650 | 4 |
_aOPERAS - _vARGUMENTOS, TRAMAS, ETC. _91752 |
|
| 905 | _aLibro | ||
| 999 |
_c96379 _d96379 |
||